000 01838cam a22004574i 4500
003 PE-LiUPU
005 20250731183425.0
008 150706s r 000 0 d
020 _a9786075000015
035 _a(Sirsi) i9786075000015
040 _aPE-LiUPU
_bspa
_cPE-LiUPU
_erda
049 _aPRUA
082 0 4 _a711.4
_bS31
_221
100 1 _aSchjetnan Garduño, Mario,
_eautor.
245 1 0 _aPrincipios de diseño urbano/ambiental /
_cMario Schjetnan, Jorge Calvillo, Manuel Peniche.
250 _a2a
264 1 _aMéxico :
_bLimusa,
_c2008.
300 _a185 páginas :
_bilustraciones ;
_c21 centímetros
336 _atext
_2rdacontent
337 _aunmediated
_2rdamedia
338 _avolume
_2rdacarrier
500 _aTexto en tres columnas.
504 _aIncluye bibliografía pro temas.
505 0 _aConcepto básicos -- Recomendaciones generales -- Recomendaciones particulares -- Metodología y evaluación.
526 _aP158
526 _aP146
526 _aP17
526 _aP12
526 _aP06
650 0 4 _aArquitectura del paisaje.
650 0 4 _aAsentamientos humanos
_xAspectos ambientales.
650 0 4 _aEspacios públicos
_xAspectos ambientales.
650 0 4 _aPlaneamiento urbano
_xASpectos ambientales.
700 1 _aCalvillo Unna, Jorge,
_eautor.
700 1 _aPeniche Osorio, Manuel,
_eautor.
942 _2ddc
_cBOOK
949 _a711.4 S31
_wDEWEY
_c1
_i61601
_d2016-5-30
_e2016-5-25
_lCCODEBUL1
_mBUL
_n2
_p16.00
_r0
_sY
_tBOOK
_u2015-7-6
_xINGENIERIA
_0COMPRA
_o.STAFF. Colección General
949 _a711.4 S31
_wDEWEY
_c2
_i70662
_d2015-11-3
_e2015-11-2
_lCCODEBUL1
_mBUL
_n1
_p18.00
_r0
_sY
_tBOOK
_u2015-7-30
_xINGENIERIA
_0COMPRA
_o.STAFF. Colección General
999 _c50791
_d50791
980 _81
_gALBERTO SANCHEZ Responsable de Automatización